<?xml version="1.0" encoding="UTF-8"?><?xml-stylesheet type="text/xsl" href="static/style.xsl"?><OAI-PMH xmlns="http://www.openarchives.org/OAI/2.0/" xmlns:xsi="http://www.w3.org/2001/XMLSchema-instance" xsi:schemaLocation="http://www.openarchives.org/OAI/2.0/ http://www.openarchives.org/OAI/2.0/OAI-PMH.xsd"><responseDate>2026-04-13T04:11:56Z</responseDate><request verb="GetRecord" identifier="oai:www.recercat.cat:2117/328286" metadataPrefix="marc">https://recercat.cat/oai/request</request><GetRecord><record><header><identifier>oai:recercat.cat:2117/328286</identifier><datestamp>2025-07-16T23:02:46Z</datestamp><setSpec>com_2072_1033</setSpec><setSpec>col_2072_452949</setSpec></header><metadata><record xmlns="http://www.loc.gov/MARC21/slim" xmlns:dcterms="http://purl.org/dc/terms/" xmlns:xsi="http://www.w3.org/2001/XMLSchema-instance" xmlns:doc="http://www.lyncode.com/xoai" xsi:schemaLocation="http://www.loc.gov/MARC21/slim http://www.loc.gov/standards/marcxml/schema/MARC21slim.xsd">
   <leader>00925njm 22002777a 4500</leader>
   <datafield ind2=" " ind1=" " tag="042">
      <subfield code="a">dc</subfield>
   </datafield>
   <datafield ind2=" " ind1=" " tag="720">
      <subfield code="a">Jiménez, Marina</subfield>
      <subfield code="e">author</subfield>
   </datafield>
   <datafield ind2=" " ind1=" " tag="720">
      <subfield code="a">Castrillo Romón, María A.</subfield>
      <subfield code="e">author</subfield>
   </datafield>
   <datafield ind2=" " ind1=" " tag="260">
      <subfield code="c">2020-09-28</subfield>
   </datafield>
   <datafield ind2=" " ind1=" " tag="520">
      <subfield code="a">El interés que suscitan los espacios públicos desde una perspectiva urbanística lleva aparejada la necesidad de desarrollar instrumentos cartográficos capaces de dar cuenta de la complejidad de calles, plazas, etc. en tanto que cronotopos (Guez, 2019), esto es, formas espaciales (topos) con una gran diversidad de funciones efectivas (o “prácticas”) que cambian en el tiempo (chronos).&#xd;
“Introducción al Diseño Urbano” (3º semestre, Grado en Fundamentos para la Arquitectura) es la primera asignatura del currículo de Urbanística y Ordenación del Territorio en la ETSA Valladolid. Entre sus objetivos, está formar a los estudiantes en algunas herramientas básicas de análisis tipomorfológico pero también introducirles a la innovación en métodos y técnicas que, teniendo el mejoramiento urbano como horizonte de intervención, permitan aprehender la complejidad de los espacios públicos.&#xd;
A lo largo de una década de experimentación y docencia de taller, hemos ido ajustando tres herramientas de análisis de espacios libres de uso público, todas ellas con una componente cartográfica fundamental:&#xd;
1. El “plano espeso del suelo”: cartografía a escala 1:1000 a 1:500 ideada para el análisis del suelo en tejidos urbanos con morfotipologías de ciudad abierta. 2. La “cronotopía”, inspirada en experimentaciones del LAA-Laboratoire Architecture-Anthropologie (Francia) para analizar los tiempos de un espacio público a través de series cartográficas. 3. El “recorrido comentado”, que reúne representación cartográfica y técnicas de análisis cualitativo.&#xd;
La comunicación contextualizará la emergencia de esas tres herramientas en el contexto educativo, describirá cada una de ellas y discutirá su aplicabilidad, alcance y limitaciones.</subfield>
   </datafield>
   <datafield ind2=" " ind1=" " tag="520">
      <subfield code="a">The interest that public spaces arouse from an urban perspective entails the need to develop cartographic instruments capable of accounting for the complexity of streets, squares, etc. as chronotopes (Guez, 2019), that is, spatial forms (topos) with a great diversity of effective (or “practical”) functions that change over time (chronos). “Introduction to Urban Design” (3rd semester, Degree in Foundations for Architecture) is the first subject of Urbanism curriculum at ETSA Valladolid. Among its objectives, it is to train students in some basic tools of typomorphological analysis, but also to introduce them to innovation in methods and techniques that, having urban improvement as an intervention horizon, allow them to apprehend the open space complexity. Throughout a decade of experimentation and workshop teaching, we have been adjusting three tools for the analysis of free spaces for public use, all with a fundamental cartographic component: 1. The “thick ground plane”: cartography at a scale of 1: 1000 to 1: 500 designed for the analysis of ground (and land!) in urban tissues with open-city morphotypes. 2. The “chronotopy”, inspired by experiments of the LAA-Laboratoire Architecture-Anthropologie (France) to analyse the times of a public space through cartographic series. 3. The “commented tour”, which brings together cartographic representation and qualitative analysis techniques.</subfield>
   </datafield>
   <datafield tag="653" ind2=" " ind1=" ">
      <subfield code="a">Àrees temàtiques de la UPC::Urbanisme</subfield>
   </datafield>
   <datafield tag="653" ind2=" " ind1=" ">
      <subfield code="a">Architecture -- Study and teaching (Higher)</subfield>
   </datafield>
   <datafield tag="653" ind2=" " ind1=" ">
      <subfield code="a">Public spaces -- Spain -- Valladolid</subfield>
   </datafield>
   <datafield tag="653" ind2=" " ind1=" ">
      <subfield code="a">Cartografía experimental</subfield>
   </datafield>
   <datafield tag="653" ind2=" " ind1=" ">
      <subfield code="a">Espacio libre público</subfield>
   </datafield>
   <datafield tag="653" ind2=" " ind1=" ">
      <subfield code="a">Docencia en diseño urbano</subfield>
   </datafield>
   <datafield tag="653" ind2=" " ind1=" ">
      <subfield code="a">Diálogo interdisciplinar</subfield>
   </datafield>
   <datafield tag="653" ind2=" " ind1=" ">
      <subfield code="a">Experimental cartography</subfield>
   </datafield>
   <datafield tag="653" ind2=" " ind1=" ">
      <subfield code="a">Open space</subfield>
   </datafield>
   <datafield tag="653" ind2=" " ind1=" ">
      <subfield code="a">Teaching in urban design</subfield>
   </datafield>
   <datafield tag="653" ind2=" " ind1=" ">
      <subfield code="a">Interdisciplinary dialogue</subfield>
   </datafield>
   <datafield tag="653" ind2=" " ind1=" ">
      <subfield code="a">Arquitectura -- Ensenyament universitari</subfield>
   </datafield>
   <datafield tag="653" ind2=" " ind1=" ">
      <subfield code="a">Espais públics -- Castella i Lleó -- Valladolid</subfield>
   </datafield>
   <datafield ind2="0" ind1="0" tag="245">
      <subfield code="a">Cartografías para el análisis de los espacios públicos: experiencias docentes para la innovación metodológica</subfield>
   </datafield>
   <datafield ind2="0" ind1="0" tag="245">
      <subfield code="a">Cartographies for the analysis of public spaces: teaching experiences for methodological innovation</subfield>
   </datafield>
</record></metadata></record></GetRecord></OAI-PMH>